000 00582nam a2200205Ia 4500
001 15993
003 GE_BSU
008 181216s||||||||xx |||||||||||||| ||und||
040 _cGE_BSU
080 _a821.353.1-1
100 _aჯგუბურია, მურმანი
245 _aლექსები
245 _cრედ.გ.ჯულუხიძე. მხ.ე.ბურჯანაძე
260 _aთბილისი
260 _bმერანი
260 _c1972
300 _a148გვ. ; 16სმ
653 _aლექსები
942 _cBK
999 _c49086
_d49086